Kadrowicze Adama Nawałki - Statystyki

Ogólne statystyki
  • Ten quiz został rozwiązany 300 razy
  • Średni wynik to 40 z 80
Statystyki odpowiedzi
Klub Odpowiedź % Poprawnych
Borussia Dortmund Robert Lewandowski
98%
Borussia Dortmund Jakub Błaszczykowski
95%
Swansea City Łukasz Fabiański
95%
Borussia Dortmund Łukasz Piszczek
94%
Arsenal Londyn Wojciech Szczęsny
94%
FC Augsburg Arkadiusz Milik
93%
Southampton FC Jan Bednarek
93%
Stade de Reims Grzegorz Krychowiak
92%
Torino FC Kamil Glik
92%
Sivasspor Kamil Grosicki
90%
Empoli Piotr Zieliński
90%
Jagiellonia Białystok Michał Pazdan
88%
Terek Grozny Maciej Rybus
87%
FK Krasnodar Artur Jędrzejczyk
85%
Southampton FC Artur Boruc
83%
Lech Poznań Karol Linetty
81%
Legia Warszawa Bartosz Bereszyński
78%
Empoli Łukasz Skorupski
71%
Lech Poznań Łukasz Teodorczyk
71%
1. FC Koln Sławomir Peszko
71%
Dynamo Kijów Tomasz Kędziora
69%
Sampdoria Genua Dawid Kownacki
68%
Górnik Zabrze Krzysztof Mączyński
68%
Cracovia Bartosz Kapustka
67%
Ipswich Town Bartosz Białkowski
65%
PEC Zwolle Mateusz Klich
64%
Modena FC Thiago Cionek
64%
Trabzonspor Adrian Mierzejewski
61%
Stetua Bukareszt Łukasz Szukała
60%
Śląsk Wrocław Sebastian Mila
60%
Lech Poznań Marcin Kamiński
58%
Legia Warszawa Jakub Wawrzyniak
56%
Broendby Kopenhaga Kamil Wilczek
56%
Górnik Zabrze Rafał Kurzawa
56%
Legia Warszawa Tomasz Jodłowiec
56%
Jagiellonia Białystok Jacek Góralski
54%
Club Brugge Waldemar Sobota
53%
Girondins Bordeaux Ludovic Obraniak
52%
Cagliari Calcio Bartosz Salamon
51%
Ruch Chorzów Mariusz Stępiński
50%
VFB Stuttgart Przemysław Tytoń
50%
Hannover 96 Artur Sobiech
49%
TSG 1899 Hoffenheim Eugen Polanski
49%
Ruch Chorzów Filip Starzyński
49%
Jagiellonia Białystok Przemysław Frankowski
48%
Legia Warszawa Łukasz Broź
47%
ACF Fiorentina Rafał Wolski
44%
Benfica Lizbona Paweł Dawidowicz
43%
Wisła Kraków Paweł Brożek
41%
Sampdoria Genua Paweł Wszołek
41%
Jagiellonia Białystok Taras Romanczuk
40%
Legia Warszawa Michał Kucharczyk
39%
Lech Poznań Maciej Makuszewski
33%
Górnik Zabrze Paweł Olkowski
33%
Zawisza Bydgoszcz Igor Lewczuk
32%
Terek Grozny Marcin Komorowski
26%
TSV 1860 Monachium Grzegorz Wojtkowiak
24%
Dolcan Ząbki Rafał Leszczyński
24%
FC Vaslui Piotr Celeban
23%
Cracovia Damian Dąbrowski
22%
Zagłębie Lubin Jarosław Jach
22%
Lechia Gdańsk Ariel Borysiuk
21%
Pogoń Szczecin Marcin Robak
21%
Legia Warszawa Michał Żyro
21%
Legia Warszawa Jakub Rzeźniczak
19%
Lech Poznań Szymon Pawłowski
19%
Legia Warszawa Tomasz Brzyski
19%
Zawisza Bydgoszcz Michał Masłowski
17%
Zagłębie Lubin Jakub Świerczok
16%
Wołga Niżny Nowogród Marcin Kowalczyk
16%
Górnik Zabrze Rafał Kosznik
15%
GKS Bełchatów Maciej Wilusz
14%
Cracovia Adam Marciniak
12%
Pogoń Szczecin Wojciech Golla
11%
Jagiellonia Białystok Dawid Plizga
9%
Górnik Zabrze Mateusz Zachara
9%
VFL Bochum Piotr Ćwielong
9%
Górnik Zabrze Łukasz Madej
7%
Wisła Kraków Michał Miśkiewicz
7%
Śląsk Wrocław Adam Kokoszka
6%
Nie znaleziono quizów pasujących do podanych kryteriów
Rozkład punktacji
Procent ludzi z każdym wynikiem
Percentyl według liczby udzielonych odpowiedzi
Twoja historia wyników
Nie rozwiązałeś tego quizu